000 00968cam a2200301 a 4500
001 11793302
003 ARRUPE
005 20140111020020.0
008 990922s1999 enk 000 0 eng d
010 _a 99488562
015 _aGB99-Y9326
020 _a0006281362
035 _a(OCoLC)ocm40883147
040 _aUKM
_cUKM
_dMNJ
_dDLC
042 _alccopycat
050 0 0 _aBX1912
_b.F34 1999
100 _aButler, Carolyn
_92751
245 0 0 _aFaith, hope, and chastity :
_bhonest reflections from the Catholic priesthood /
_cedited by Carolyn Butler.
246 1 4 _aFaith, hope & chastity
260 _aLondon :
_bFount,
_c1999.
300 _axvii, 171 p. ;
_c22 cm.
610 2 4 _aCatholic Church
_xClergy.
_92752
650 0 _aPriesthood.
_92753
700 1 _aButler, Carolyn.
_92754
906 _a7
_bcbc
_ccopycat
_d3
_encip
_f20
_gy-gencatlg
942 _2lcc
_cMONOGRAPH
_03
999 _c118401
_d118401